000 01246nam a22003377a 4500
003 CHAP
005 20220329132939.0
008 971013s1985 r 00010 d
010 _a548
011 _a1520
035 _a696
040 _cCHAP
090 _aTesis
100 0 0 _aValle Guadarrama, Salvador.
_9117597
245 _aEvaluación de diferentes preparaciones de absorventes de etileno a base de pérgamanoganato de potasio para el control de maduración de frutos de aguacate (Persea americana Mill) c.v. fuerte
260 _aChapingo, Méx. :
_bEl autor,
_c1985
300 _a134 h.
_b; gráfs.
500 _a37-19
502 _aTesis (Ing. Agr. Esp. en Industrias Agrícolas) -- UACH. Departamento de Industrias Agrícolas
590 _aALEPH
_b10
_c20130110
_lUCH01
_h1205
590 _aBATCH-UPD
_b10
_c20130110
_lUCH01
_h1452
590 _aBATCH-UPD
_b10
_c20130410
_lUCH01
_h0918
590 _aBATCH-UPD
_b10
_c20130913
_lUCH01
_h2257
590 _aCONVERSION
_b10
_c20130109
_lUCH01
_h1302
650 1 4 _aAguacate
_xMaduración.
_92531
650 1 4 _aEtileno
_xEfecto en fruta.
_938603
901 _aBK
942 _cFOLL
949 _bBC
_cTES
_d-10152
_eTS1
_h22807
_i696
_si
949 _bBC
_cTES
_d33724000696217
_eTS2
_fc.2
_h22808
_i696
_si
999 _c548
_d548